Technical computing Prague 2017 : 24th Annual conference proceedings. Prague, Czech Republic. November 8, 2017

Salvato in:
Dettagli Bibliografici
Ente Autore: Technical computing Prague 2017 Prague, Czech Republic
Natura: Atti del Convegno Libro
Pubblicazione: Prague : University of Chemistry and Technology, 2017
Edizione:1. ed.
Tags: Aggiungi Tag
Nessun Tag, puoi essere il primo ad aggiungerne!!

MARC

LEADER 00000nam a22000003a 4500
001 0028002
003 SK-STU
005 20180125134215.7
007 ta
008 151109s ----xo-----e------100-0-----d
020 |a 978-80-7592-002-7 
022 |a 2336-1662 
040 |a STU  |b slo 
111 2 |a Technical computing Prague 2017  |n 24.  |d 8.11.2017  |c Prague, Czech Republic 
245 1 0 |a Technical computing Prague 2017 :  |h elektronický zdroj  |b 24th Annual conference proceedings. Prague, Czech Republic. November 8, 2017 
250 |a 1. ed. 
260 |a Prague :  |b University of Chemistry and Technology,  |c 2017 
300 |b CD ROM 
996 |b 284EK89934  |c E*89934  |l EE0102  |s P  |a 0  |w 0028002_0001